02212cam a22003374a 4500999001700000001000900017003000400026005001700030008004100047010001700088020003300105040001800138042000800156050002100164082001800185100002100203245006500224250001200289260004200301300003200343505099500375650003801370650004801408700001701456700002301473856008001496856009101576906004501667942004001712952012201752 c21350d2135013034832OSt20170121113746.0021219s2003 ne a 100 0 eng  a 2002044784 a0444509445 (HB : alk. paper) aDLCcDLCdDLC apcc00aNX180.S3A73 200300a700/.1/05221 aCasti Johnd200300aArt and complexity /ceditors, John Casti, Anders Karlqvist. a1st ed. aAmsterdamaBoston :bElsevier,c2003. ax, 169 p. :bill. ;c25 cm.8 aMachine generated contents note: Preface --John Casti and Anders Karlqvist --Art and Science-Les Liaisons Dangereuses? -- John D. Barrow --Complexity and Aesthetics: Is Good Art "Complex" Art? -- John Casti --What Lies Between Order and Chaos? -- James P. Crutchfield --Regularities and Randomness: Evolving Schemata in Science -- and the Arts -- Murray Gell-Mann --Drawing, Knowledge, and Intuitive Thinking: Drawing as a Way to Understand and Solve Complex Problems -- Bobo Hjort --Nothing is Hidden -- Anders Karlqvist --Science and Art in Collaboration-The Mindship Method -- Tor Norretranders --Complexity and Emergence in the American Experimental Music Tradition -- Tim Perkis --Modeling Complexity for Interactive Art Works on the Internet -- Christa Sommerer and Laurent Mignonneau --Poetic Voice and the Complexity of Bird Song -- Marcia Southwick Fractal Expressionism-Where Art Meets Science -- Richard Taylor --A Depth-First Traversal of Thinking -- Gail Wight --Color Plates. 0aScience and the artsvCongresses. 0aComplexity (Philosophy) in artvCongresses.1 aCasti, J. L.1 aKarlqvist, Anders.413Table of contents onlyuhttp://www.loc.gov/catdir/toc/fy041/2002044784.html423Publisher descriptionuhttp://www.loc.gov/catdir/enhancements/fy0613/2002044784-d.html a7bcbccorignewd1eocipf20gy-gencatlg 2lcccBOOKShNX180.S3A73 2003i30485 00102lcc4070aMUCbMUCcTECHd2017-01-21eDonation(BFA)l0oNX180.S3A73 2003p30485r2018-06-08w2017-01-21yBOOKS